000 00700cam a22002417a 4500
003 CHAP
005 20220329134842.0
008 971013s r 00010 d
010 _a26942
011 _a27914
035 _a32015
040 _cCHAP
090 _aR-508
100 0 0 _aLa Rue, Carl D.
_964247
245 1 4 _aThe native habitat of the ParĂ¡ rubber tree
500 _aSobretiro de: Papers of the Michigan Academy of Science, Art and Letters. 9:239-244, 1929.
590 _aBATCH-UPD
_b10
_c20130110
_lUCH01
_h1517
590 _aCONVERSION
_b10
_c20130109
_lUCH01
_h1315
650 1 4 _aCaucho.
_920537
901 _aBK
942 _cREIMP
949 _aR-508
_bBC
_cR
_d-74126
_eTS1
_i32015
_si
999 _c26942
_d26942